000 00779nam a2200205Ii 4500
003 JO-AjNU
008 230605s9999||||xx |||||||||||||| ||und||
040 _aJO-AjNU
_bara
_erda
_cJO-AjNU
041 _aara
050 1 4 _aT58.5.Q25 2009
100 3 _aتأليف قندلجي ، عامر ابراهيم/م مشارك:ايمان فاضل,
_eauthor
_927791
245 0 0 _aتكنولوجيا المعلومات وتطبيقاتها =information technology and its Application
250 _aط1
264 3 1 _aعمان:دار الوراق للنشر ، 2009
300 _a554ص
336 _atext
_btxt
_2rdacontent
337 _aunmediated
_bn
_2rdamedia
338 _avolume
_bnc
_2rdacarrier
650 4 _aتكنولوجيا المعلومات علم المعلومات
_927792
999 _aA10702
_c14270
_d14270